[Event "Northern California International"]
[Site "Fremont USA"]
[Date "2012.01.05"]
[Round "6"]
[White "Rensch,D"]
[Black "Santarius,E"]
[Result "1-0"]
[WhiteElo "2401"]
[BlackElo "2276"]

1.e4 c5 2.Nf3 e6 3.d4 cxd4 4.Nxd4 a6 5.Bd3 Qb6 6.Be3 Bc5 7.c3 Qxb2 8.O-O Qb6
9.Nd2 d6 10.Qg4 Kf8 11.N2b3 Nd7 12.Qe2 Qc7 13.f4 Ngf6 14.Rad1 e5 15.Nf5 exf4
16.Rxf4 Ne5 17.Nxc5 dxc5 18.Bc2 Be6 19.Qf2 b6 20.Nxg7 Kxg7 21.Rxf6 Ng4 22.Qh4 Qxh2+
23.Qxh2 Nxh2 24.Rxe6 Ng4 25.Bh6+ Nxh6 26.Rxb6 Ng4 27.Rd5 h6 28.Rxc5 Rac8
29.Rxc8 Rxc8 30.Bd1 Ne3 31.Bf3 a5 32.Ra6 Nc4 33.Ra7 Rc5 34.Kf2 Na3 35.Bd1 Nb1
36.Bb3 Nxc3 37.Ke3 a4 38.Bxf7 Kf6 39.Kd4 Rc8 40.e5+ Kf5 41.Bc4 Nd1 42.e6 Rd8+
43.Rd7 Re8 44.Bd5 h5 45.a3 h4 46.Rf7+ Kg5 47.Rf1 Nb2 48.Rb1 Rb8 49.e7  1-0

[Event "24th Staufer-Open"]
[Site "Schwaebisch Gmuend GER"]
[Date "2012.01.06"]
[Round "9"]
[White "Korneev,O"]
[Black "Braun,P"]
[Result "1-0"]
[WhiteElo "2584"]
[BlackElo "2203"]

1.e4 c5 2.Nf3 e6 3.d4 cxd4 4.Nxd4 a6 5.Bd3 Bc5 6.Nb3 Be7 7.Qg4 g6 8.Qe2 d6
9.Be3 Nd7 10.N1d2 Ngf6 11.f4 Qc7 12.O-O-O b5 13.g4 Bb7 14.g5 Nh5 15.Rhf1 Rc8
16.f5 e5 17.f6 Bd8 18.Kb1 Qc6 19.c4 b4 20.c5 Nxc5 21.Nxc5 dxc5 22.Bc4 O-O
23.Bd5 Qc7 24.Nc4 Rb8 25.Bxb7 Rxb7 26.Rd5 Nf4 27.Bxf4 exf4 28.Rfd1 Qb8 29.e5 Bc7
30.e6 f3 31.Qxf3 fxe6 32.Rd7 Rf7 33.Rxf7 Kxf7 34.Rd7+  1-0

[Event "4th Chennai Open"]
[Site "Chennai IND"]
[Date "2012.01.08"]
[Round "7"]
[White "Ma Qun"]
[Black "Debashis,D"]
[Result "1-0"]
[WhiteElo "2475"]
[BlackElo "2389"]

1.e4 c5 2.Nf3 e6 3.d4 cxd4 4.Nxd4 a6 5.Bd3 Nf6 6.O-O Qc7 7.Nc3 d6 8.Qe2 Be7
9.Kh1 Nc6 10.Nxc6 bxc6 11.Bg5 h6 12.Bd2 O-O 13.f4 e5 14.fxe5 dxe5 15.Nd1 Nd7
16.b4 a5 17.bxa5 Nc5 18.Ne3 Nxd3 19.cxd3 Bg5 20.Bb4 Rd8 21.Nc4 Ba6 22.Rf3 Bxc4
23.dxc4 Rd7 24.Rd1 Bd8 25.h3 Qa7 26.Kh2 Rxd1 27.Qxd1 Be7 28.a3 Bc5 29.Rd3 Bd4
30.Qg4 g6 31.Rf3 Kg7 32.h4 Re8 33.h5 Re6 34.Bf8+ Kh7 35.c5 Re8 36.hxg6+ fxg6
37.Bxh6 Rh8 38.Rf6 Qg7 39.Bxg7  1-0

[Event "TCh-CZE Extraliga 2011-12"]
[Site "Czech Republic CZE"]
[Date "2012.01.08"]
[Round "6.1"]
[White "Kotronias,V"]
[Black "Swiercz,D"]
[Result "1-0"]
[WhiteElo "2593"]
[BlackElo "2585"]

1.e4 c5 2.Nf3 e6 3.d4 cxd4 4.Nxd4 a6 5.Bd3 Nf6 6.O-O e5 7.Bg5 d6 8.Ne2 Be6
9.Nbc3 Be7 10.f4 O-O 11.f5 Bd7 12.Ng3 Bc6 13.Bxf6 Bxf6 14.Bc4 Qb6+ 15.Kh1 Qxb2
16.Nd5 Nd7 17.Nh5 Bxd5 18.Bxd5 Rac8 19.c4 Bg5 20.h4 Bh6 21.Qg4 Rc7 22.c5 dxc5
23.Rab1 Qc3 24.Be6 Kh8 25.Bxd7 f6 26.Rbd1 c4 27.Rf3 Qb4 28.Rg3 Qe7 29.Ba4 b5
30.Bc2 Rd8 31.Rd5 Rxd5 32.exd5 Qd6 33.Qf3 b4 34.Rg4 Rc5 35.Ng3 Bf4 36.Ne4 b3
37.axb3 cxb3 38.Qxb3  1-0

[Event "17th Bosnjaci Open"]
[Site "Bosnjaci CRO"]
[Date "2012.01.09"]
[Round "9.2"]
[White "Jovanovic,Zo CRO"]
[Black "Tomic,Bos"]
[Result "1-0"]
[WhiteElo "2556"]
[BlackElo "2407"]

1.e4 c5 2.Nf3 e6 3.d4 cxd4 4.Nxd4 a6 5.Bd3 Nf6 6.Qe2 d6 7.O-O Qc7 8.c4 Nbd7
9.f4 b6 10.Nc3 Be7 11.Kh1 g6 12.Bd2 Bb7 13.Rac1 h5 14.b4 Rc8 15.f5 gxf5 16.exf5 Rg8
17.Nf3 e5 18.Ng5 Qc6 19.Nge4 Rg4 20.Rfe1 Qc7 21.h3 Rg8 22.Nd5 Qc6 23.Nxe7 Kxe7
24.Bg5 Kf8 25.Bxf6 Nxf6 26.Nxf6 Rxg2 27.Qe4  1-0

[Event "4th Chennai Open"]
[Site "Chennai IND"]
[Date "2012.01.12"]
[Round "11"]
[White "Yu Ruiyuan"]
[Black "Dzhumaev,M"]
[Result "1/2-1/2"]
[WhiteElo "2491"]
[BlackElo "2481"]

1.e4 c5 2.Nf3 e6 3.d4 cxd4 4.Nxd4 a6 5.Bd3 Nf6 6.O-O Qc7 7.Qe2 d6 8.c4 Be7
9.Nc3 O-O 10.f4 Nbd7 11.Be3 Re8 12.g4 g6 13.g5 Nh5 14.Qf2 Bf8 15.Be2 b6 16.f5 Ne5
17.Rac1 Bb7 18.f6 Rac8 19.Qh4 Qb8 20.Bxh5 gxh5 21.Qxh5 Rxc4 22.Rf4 Ng6 23.Rf3 Rxc3
24.Rxc3 Bxe4 25.Rh3 Ne5 26.Qh4 Qb7 27.Bf2 Qd5 28.g6 Bxg6 29.Rcg3 h6 30.Be3 Rc8
31.Bxh6 Bxh6 32.Qxh6 Qxd4+ 33.Kh1  1/2-1/2

[Event "20th Fajr Open"]
[Site "Tabriz IRI"]
[Date "2012.01.13"]
[Round "2.4"]
[White "Sadikhov,U"]
[Black "Rasulov,Vu"]
[Result "1-0"]
[WhiteElo "2134"]
[BlackElo "2537"]

1.e4 c5 2.Nf3 e6 3.d4 cxd4 4.Nxd4 a6 5.Bd3 g6 6.c4 Bg7 7.Nb3 Ne7 8.Nc3 O-O
9.O-O Nbc6 10.Be2 f5 11.f3 f4 12.Bd2 g5 13.Be1 b6 14.Bf2 h5 15.a4 Rb8 16.Qd6 Be5
17.Qd2 Rf7 18.Rfd1 Qf8 19.c5 bxc5 20.Nxc5 Qg7 21.Nxa6 Rxb2 22.Qxb2 Bxc3 23.Qc1 Bd4
24.Bxd4 Nxd4 25.Qc4 Nec6 26.Kh1 d5 27.Qd3 dxe4 28.Qxe4 Rf5 29.Bb5 Re5 30.Qd3 g4
31.Bxc6 Nxc6 32.Rac1 Bb7 33.Nc5 Re3 34.Qd7 Ba8 35.Qc8+ Qf8 36.Qxf8+ Kxf8
37.fxg4 hxg4 38.Nd7+ Ke8 39.Nb6 Bb7 40.Nc4 Re2 41.Nd6+ Ke7 42.Nxb7 Nb4 43.a5 f3
44.gxf3 gxf3  1-0

[Event "5th Gora Swietej Anny"]
[Site "Gora Swietej Anny POL"]
[Date "2012.01.14"]
[Round "4.12"]
[White "Cukrowski,F"]
[Black "Karleszko,Karolina"]
[Result "1-0"]
[WhiteElo "2109"]
[BlackElo "1586"]

1.e4 c5 2.Nf3 e6 3.d4 cxd4 4.Nxd4 a6 5.Bd3 Qc7 6.c4 Nc6 7.Nxc6 dxc6 8.Nc3 e5
9.Be3 Nf6 10.h3 Bb4 11.Qb3 Bxc3+ 12.Qxc3 Be6 13.O-O O-O 14.f4 exf4 15.Bxf4 Qb6+
16.c5 Qd8 17.Bd6 Re8 18.Be5 Rc8 19.Rad1 Qe7 20.Rxf6 Bg4 21.hxg4 Qxe5 22.Qxe5 Rxe5
23.Rf5 Ree8 24.Bc4 Kh8 25.Rxf7 Rcd8 26.Rxd8 Rxd8 27.e5 Re8 28.e6 h6 29.e7 Kh7
30.Bd3+ Kg8 31.Rf8+ Rxf8 32.Bc4+ Kh7 33.exf8=Q  1-0

[Event "TCh-CZE Liga 1 Zapad"]
[Site "Czech Rep CZE"]
[Date "2012.01.15"]
[Round "6.2"]
[White "Rasik,V"]
[Black "Korinek,O"]
[Result "1-0"]
[WhiteElo "2473"]
[BlackElo "2335"]

1.e4 c5 2.Nf3 e6 3.d4 cxd4 4.Nxd4 a6 5.Bd3 Qc7 6.O-O Nf6 7.Qe2 d6 8.c4 g6
9.Nc3 Bg7 10.Be3 O-O 11.Rac1 Nbd7 12.Rfd1 Ne5 13.Nf3 Nfd7 14.Nxe5 Nxe5 15.Na4 Bd7
16.Nb6 Rad8 17.b4 Nc6 18.Bb1 Nxb4 19.Qd2 Nc6 20.Qxd6 Qxd6 21.Rxd6 Bc8 22.Rcd1 Rxd6
23.Rxd6 Be5 24.Rd1 Bc7 25.f4 e5 26.f5 Bxb6 27.Bxb6 Nd4 28.Kf2 gxf5 29.Bxd4 exd4
30.exf5 Rd8 31.g4 Rd6 32.Be4 b6 33.Bd5 Kg7 34.Rxd4 h5 35.h3 hxg4 36.hxg4 Bb7
37.Ke3 Bxd5 38.cxd5 f6 39.Ke4 Kf7 40.Rc4 Ke7 41.Rc7+ Kd8 42.Rc6 Ke7 43.g5 fxg5
44.Ke5  1-0

[Event "TCh-CZE Liga 1 Zapad"]
[Site "Czech Rep CZE"]
[Date "2012.01.15"]
[Round "6.1"]
[White "Votava,J"]
[Black "Romanov,E"]
[Result "1/2-1/2"]
[WhiteElo "2538"]
[BlackElo "2639"]

1.e4 c5 2.Nf3 e6 3.d4 cxd4 4.Nxd4 a6 5.Bd3 Nf6 6.O-O e5 7.Nb3 d6 8.c4 Be7
9.Nc3 O-O 10.a4 Be6 11.a5 Nc6 12.Nd5 Nd7 13.Be3 Bg5 14.Qd2 h6 15.Nc1 Rc8
16.b4 Re8 17.Ne2 Nd4 18.Nxd4 exd4 19.Bxg5 hxg5 20.Be2 Bxd5 21.exd5 Re4 22.Qc2 Qe7
23.Bd3 Rf4 24.Bh7+ Kf8 25.Bf5 g6 26.Bxd7 Qxd7 27.Rac1 Qf5 28.Qb2 Kg8 29.g3 d3
30.gxf4 Qg4+  1/2-1/2

[Event "TCh-CZE Liga1 Vychod"]
[Site "Czech Rep CZE"]
[Date "2012.01.15"]
[Round "6"]
[White "Walek,M"]
[Black "Kratochvil,Jo"]
[Result "1/2-1/2"]
[WhiteElo "2356"]
[BlackElo "2233"]

1.e4 c5 2.Nf3 e6 3.d4 cxd4 4.Nxd4 a6 5.Bd3 Nf6 6.O-O Qc7 7.Qe2 d6 8.f4 Nbd7
9.b3 Be7 10.Bb2 O-O 11.Nd2 g6 12.N4f3 b5 13.a4 Bb7 14.Kh1 Nc5 15.axb5 Nxd3
16.cxd3 axb5 17.Nd4 Qd7 18.N2f3 Nh5 19.Qd2 f5 20.exf5 gxf5 21.Qe3 Bd5 22.Ne2 b4
23.Nd2 Bf6 24.Bxf6 Nxf6 25.Nc4 Qg7 26.Qg3 Ng4 27.d4 Kh8 28.h3 Qh6 29.Kg1 Nf6
30.Nxd6 Ne4 31.Nxe4 Bxe4 32.Qe3 Rxa1 33.Rxa1 Rg8 34.Ng3 Qg6 35.Kh2 h5 36.Ra2 Bd5
37.Ra7 h4 38.Qe5+ Rg7 39.Qxg7+ Qxg7 40.Rxg7 Kxg7 41.Nf1 Bxb3 42.Ne3 Bd5 43.Kg1 Kf6
44.Kf2 b3 45.Nd1 Ke7 46.g3 hxg3+ 47.Kxg3 Bc6 48.Kf2 Kd6 49.Ke3 Kd5 50.Nb2 Bb5
51.h4 Be8 52.Kd3 Bb5+ 53.Ke3 Be8  1/2-1/2

[Event "56th ch-BLR w 2012"]
[Site "Minsk BLR"]
[Date "2012.01.17"]
[Round "8.2"]
[White "Ziaziulkina,N"]
[Black "Sharevich,A"]
[Result "1/2-1/2"]
[WhiteElo "2290"]
[BlackElo "2267"]

1.e4 c5 2.Nf3 e6 3.d4 cxd4 4.Nxd4 a6 5.Bd3 Qc7 6.O-O Ne7 7.Be3 d5 8.f4 dxe4
9.Bxe4 g6 10.Nc3 Bd7 11.Qf3 Nec6 12.Rad1 Be7 13.Rd2 O-O 14.Rfd1 f5 15.Nxc6 Bxc6
16.Bxc6 Qxc6 17.Qf2 Qc4 18.Bb6 Nc6 19.Rd7 Rf7 20.Qe3 Qb4 21.b3 Rc8 22.Na4 e5
23.fxe5 f4 24.Qe2 f3 25.gxf3 Qf4 26.Bc7 Rxc7 27.Rxc7 Nxe5 28.Kh1 Nxf3 29.Rc8+ Kg7
30.Nc5 Bxc5 31.Rxc5 g5 32.Rc4 Qf5 33.Rf1 b5 34.Rxf3 Qxf3+  1/2-1/2

[Event "10th Parsvnath Open"]
[Site "New Delhi IND"]
[Date "2012.01.17"]
[Round "5"]
[White "Vignesh,NR"]
[Black "Anurag,M"]
[Result "0-1"]
[WhiteElo "2043"]
[BlackElo "2240"]

1.e4 c5 2.Nf3 e6 3.d4 cxd4 4.Nxd4 a6 5.Bd3 Nf6 6.O-O Qc7 7.Qe2 d6 8.c4 g6
9.Nc3 Bg7 10.Be3 O-O 11.f4 b6 12.Rac1 Bb7 13.b4 Nbd7 14.Rfd1 Rac8 15.Nb3 Qb8
16.Bf2 Nh5 17.Be3 d5 18.exd5 Nxf4 19.Bxf4 Qxf4 20.dxe6 fxe6 21.Qxe6+ Kh8
22.Nd5 Qf2+ 23.Kh1 Ne5 24.Qxb6 Nxd3 25.Rc3 Rxc4 26.Rdc1 Bd4  0-1

[Event "5th Gora Swietej Anny"]
[Site "Gora Swietej Anny POL"]
[Date "2012.01.18"]
[Round "8.12"]
[White "Lukasiewicz,Krzysztof"]
[Black "Karleszko,Karolina"]
[Result "0-1"]
[WhiteElo "1654"]
[BlackElo "1586"]

1.e4 c5 2.Nf3 e6 3.d4 cxd4 4.Nxd4 a6 5.Bd3 Nc6 6.Nxc6 dxc6 7.Nd2 e5 8.Qh5 Qc7
9.Nc4 Bd6 10.Be3 b5 11.Bb6 Qb8 12.Nxd6+ Qxd6 13.O-O-O Qe7 14.g3 Nf6 15.Qg5 O-O
16.f4 h6 17.Qh4 c5 18.f5 c4 19.Be2 Qb7 20.Bc5 Re8 21.Bf3 Bxf5 22.Rde1 Bg6
23.Bb4 a5 24.Bd2 Qe7 25.g4 b4 26.g5 Nd7 27.Qg3 h5 28.Qh4 Rec8 29.Bxh5 Bxh5
30.Qxh5 g6 31.Qg4 c3 32.Be3 cxb2+ 33.Kxb2 Nc5 34.h4 Na4+ 35.Kb1 Qc7 36.Qg2 Qc3
37.Bc1 Qc4 38.Bb2 Nxb2 39.Kxb2 Qc3+ 40.Kb1 a4 41.Rd1 a3 42.Kc1 Qb2+ 43.Kd2 Rxc2+
44.Ke1 Rxg2  0-1

[Event "10th Parsvnath Open"]
[Site "New Delhi IND"]
[Date "2012.01.19"]
[Round "7.37"]
[White "Mugil,J"]
[Black "Ravi,L"]
[Result "1-0"]
[WhiteElo "2065"]
[BlackElo "2347"]

1.e4 c5 2.Nf3 e6 3.d4 cxd4 4.Nxd4 a6 5.Bd3 Bc5 6.Nb3 Be7 7.Qg4 g6 8.O-O Nc6
9.Nc3 d6 10.f4 Nb4 11.Be3 b5 12.Qe2 Nxd3 13.cxd3 Bb7 14.f5 Nf6 15.fxe6 fxe6
16.Bh6 e5 17.Qf2 Rg8 18.Nd5 Bxd5 19.exd5 g5 20.h4 gxh4 21.Qxh4 Rg4 22.Qh3 Qd7
23.Bd2 Rc8 24.Na5 Rc2 25.Rf2 Rg6 26.Qf3 Qg4 27.Qe3 Nxd5 28.Qa7 Qc8 29.Nb3 Rc7
30.Rc1 Rxa7 31.Rxc8+ Kd7 32.Rh8 Nf6 33.Be3 Rc7 34.Bb6 Rc6 35.Rb8 Nd5 36.Ba5 Nf4
37.Rb7+ Ke6  1-0

[Event "10th Parsvnath Open"]
[Site "New Delhi IND"]
[Date "2012.01.21"]
[Round "9.10"]
[White "Ashwin,J"]
[Black "Nitin,S"]
[Result "0-1"]
[WhiteElo "2472"]
[BlackElo "2399"]

1.e4 c5 2.Nf3 e6 3.d4 cxd4 4.Nxd4 a6 5.Bd3 g6 6.O-O Bg7 7.c3 d6 8.f4 Nf6
9.Be3 O-O 10.Nd2 e5 11.Nc2 Nc6 12.Nc4 b5 13.Nb6 Bg4 14.Be2 Bxe2 15.Qxe2 Rb8
16.Nd5 Nxe4 17.f5 Ne7 18.Ncb4 Nxf5 19.Nc6 Qd7 20.Nxb8 Rxb8 21.Rad1 h5 22.Rd3 Nf6
23.Rfd1 Ng4 24.Bf2 Qe6 25.Qe4 Nfh6 26.Bh4 Nf5 27.Bf2 Bh6 28.Ba7 Rc8 29.h3 Rc4
30.Qe2 Nf6 31.b3 Nxd5 32.Rxd5 Rxc3 33.Bf2 Bf4 34.a4 bxa4 35.bxa4 Qc8 36.Ra5 Rc4
37.Rad5 Rxa4 38.g4 hxg4 39.hxg4 Nh6 40.Rxd6 Qxg4+ 41.Qxg4 Nxg4 42.Bb6 Ra2
43.Rc6 Be3+ 44.Bxe3 Nxe3 45.Rd7 Rg2+ 46.Kh1 Rf2 47.Rxa6 Kg7 48.Re7 Ng4 49.Kg1 Rf4
50.Kg2 Kh6 51.Kg3 Kg5 52.Rb6 f6 53.Rg7 Ne3 54.Rg8 Nf5+ 55.Kg2 e4 56.Re6 Nh4+
57.Kg3 Rf3+ 58.Kh2 f5 59.Ra6 Kg4 60.Ra1 Rf2+ 61.Kh1 e3 62.Rh8 g5  0-1

[Event "TCh-LTU 2012"]
[Site "Lithuania LTU"]
[Date "2012.01.22"]
[Round "2"]
[White "Tvarijonas,T"]
[Black "Laurusas,T"]
[Result "0-1"]
[WhiteElo "1991"]
[BlackElo "2369"]

1.e4 c5 2.Nf3 e6 3.d4 cxd4 4.Nxd4 a6 5.Bd3 Bc5 6.Nb3 Be7 7.O-O Qc7 8.Be3 Nf6
9.f4 h5 10.Kh1 d6 11.a4 Bd7 12.a5 Bc6 13.N1d2 Nbd7 14.Qe2 h4 15.Nd4 g6 16.b4 h3
17.g3 d5 18.e5 Ne4 19.Bxe4 dxe4 20.Rfb1 O-O 21.c4 Rfd8 22.Qg4 Nf8 23.Kg1 Rd7
24.Qxh3 Rad8 25.N2b3 Bxb4 26.Nc2 Bc3 27.Bb6 Qc8 28.Bxd8 Qxd8 29.Ra2 Rd3 30.Qg2 g5
31.Rf1 Ng6 32.Qf2 gxf4 33.gxf4 Rf3 34.Qg2 Kf8 35.Rxf3 exf3 36.Qf1 Nxf4 37.h3 Ne2+
38.Kf2 Qh4+  0-1

[Event "12th ch-CRO"]
[Site "Opatija CRO"]
[Date "2012.01.22"]
[Round "6.1"]
[White "Jovanovic,Zo CRO"]
[Black "Sulava,N"]
[Result "1/2-1/2"]
[WhiteElo "2556"]
[BlackElo "2514"]

1.e4 c5 2.Nf3 e6 3.d4 cxd4 4.Nxd4 a6 5.Bd3 Nf6 6.O-O d6 7.Qe2 Be7 8.c4 b6
9.Nc3 Bb7 10.b3 O-O 11.Bb2 Nc6 12.Nxc6 Bxc6 13.Rad1 Qc7 14.f4 Nd7  1/2-1/2

[Event "Gibraltar Open"]
[Site "Caleta ENG"]
[Date "2012.01.25"]
[Round "2.46"]
[White "Duport,N SUI"]
[Black "Bellon Lopez,JuM"]
[Result "0-1"]
[WhiteElo "2200"]
[BlackElo "2422"]

1.e4 c5 2.Nf3 e6 3.d4 cxd4 4.Nxd4 a6 5.Bd3 g6 6.O-O Bg7 7.Nf3 Nc6 8.Qe2 Qc7
9.c4 Nf6 10.h3 Nh5 11.Re1 Nf4 12.Bxf4 Qxf4 13.e5 f6 14.exf6 Bxf6 15.Nc3 O-O
16.Ne4 Bg7 17.Rad1 Nd4 18.Nxd4 Bxd4 19.Bb1 e5 20.c5 b5 21.b4 Bb7 22.Rf1 a5
23.a3 axb4 24.axb4 Bd5 25.Nd6 Ra3 26.Rd3 Ra1 27.Rdd1 Kh8 28.Rde1 Ra3 29.Be4 Rxh3
30.gxh3 Qg3+ 31.Kh1 Qxh3+ 32.Kg1 Qg3+ 33.Kh1 Bxf2 34.Qe3 Bxe3 35.Rxf8+ Kg7  0-1

[Event "Gibraltar Open"]
[Site "Caleta ENG"]
[Date "2012.01.25"]
[Round "2.34"]
[White "Kosintseva,N"]
[Black "Kulkarni,R"]
[Result "1-0"]
[WhiteElo "2537"]
[BlackElo "2252"]

1.e4 c5 2.Nf3 e6 3.d4 cxd4 4.Nxd4 a6 5.Bd3 Ne7 6.O-O Nbc6 7.c3 d5 8.Re1 Nxd4
9.cxd4 dxe4 10.Bxe4 Nd5 11.Nc3 Nxc3 12.bxc3 Bd6 13.Qd3 h6 14.c4 Rb8 15.c5 Bc7
16.d5 O-O 17.d6 Ba5 18.Rd1 Bd7 19.Bb2 Qg5 20.Rac1 Rfc8 21.Qf3 Bb4 22.h4 Qd8
23.Rc4 a5 24.a3 b5 25.Rxb4 axb4 26.axb4 f5 27.Qg3 Qf8 28.Bf3 Qf7 29.Qe5 Kh7
30.Bh5 g6 31.Bf3 Bc6 32.Bxc6 Rxc6 33.d7 Rd8 34.Qf6  1-0

[Event "Gibraltar Open"]
[Site "Caleta ENG"]
[Date "2012.01.26"]
[Round "3.83"]
[White "Kulkarni,R"]
[Black "Fransson,A"]
[Result "1/2-1/2"]
[WhiteElo "2252"]
[BlackElo "1967"]

1.e4 c5 2.Nf3 e6 3.d4 cxd4 4.Nxd4 a6 5.Bd3 Bc5 6.Nb3 Be7 7.O-O d6 8.Be3 Nf6
9.f4 Qc7 10.a4 b6 11.Nc3 Nc6 12.Qf3 Bb7 13.Rae1 h5 14.h3 h4 15.Qf2 Nd7 16.f5 Nce5
17.fxe6 fxe6 18.Nd4 Nc5 19.Qd2 Bf6 20.b4 Nexd3 21.cxd3 Nb3 22.Nxb3 Qxc3 23.Qxc3 Bxc3
24.Rc1 Rc8 25.b5 axb5 26.axb5 Rh5 27.Nd4 Bxd4 28.Bxd4 Rxb5 29.Bxg7 Rxc1 30.Rxc1 Kd7
31.Bf6 Rb3 32.Rd1 Ba6 33.d4 Bd3 34.e5 d5 35.Bxh4 Be4 36.Rd2 b5 37.Bf6 b4
38.Kh2 Rb1 39.h4 b3 40.h5 Ke8 41.Bg5 Ra1 42.Rb2 Bc2 43.Kg3  1/2-1/2

[Event "11th Marienbad Open"]
[Site "Marianske Lazne CZE"]
[Date "2012.01.27"]
[Round "8"]
[White "Dwilewicz,Agata"]
[Black "German,Nikita"]
[Result "1-0"]
[WhiteElo "1569"]
[BlackElo "1810"]

1.e4 c5 2.Nf3 e6 3.d4 cxd4 4.Nxd4 a6 5.Bd3 Nf6 6.O-O Qc7 7.c4 d6 8.Nc3 Be7
9.b3 O-O 10.Bb2 b6 11.Kh1 Bb7 12.Qe2 Nbd7 13.Rae1 Rfe8 14.f4 Nc5 15.Bb1 d5
16.cxd5 exd5 17.e5 Nfe4 18.Nxe4 Nxe4 19.Rc1 Qd7 20.Rcd1 Qc7 21.Rd3 Rac8 22.Nf5 Bf8
23.Rh3 Red8 24.Qh5 Nf2+ 25.Kg1 Nxh3+ 26.Qxh3 h6 27.Qg3 g6 28.Nd4 Bg7 29.Re1 Re8
30.Nf3 Qd7 31.Bd4 Rc6 32.Nh4 Qe7 33.f5 g5 34.Nf3 Qd7 35.f6  1-0

[Event "17th HIT Open A"]
[Site "Nova Gorica SLO"]
[Date "2012.01.27"]
[Round "1"]
[White "Zupancic,U"]
[Black "Neverov,V"]
[Result "0-1"]
[WhiteElo "1921"]
[BlackElo "2541"]

1.e4 c5 2.Nf3 e6 3.d4 cxd4 4.Nxd4 a6 5.Bd3 Bc5 6.Nb3 Ba7 7.O-O Ne7 8.Kh1 Nbc6
9.Nc3 O-O 10.f4 d5 11.Qf3 Nb4 12.Bd2 dxe4 13.Bxe4 f5 14.Bd3 Nec6 15.Be3 Nxd3
16.Rad1 Nde5 17.Rxd8 Nxf3 18.Rxf8+ Kxf8 19.Bxa7 Rxa7 20.Rxf3 b6 21.Rd3 Ke7
22.Na4 Rb7 23.a3 Bd7 24.Nc3 Na5 25.Nd2 Rc7 26.Nf3 Nc4 27.Nd1 Bc6 28.Rc3 b5
29.Nd4 Be4 30.b3 Rd7 31.bxc4 Rxd4 32.Ne3 e5 33.fxe5 f4 34.Nf1 bxc4 35.Kg1 Ke6
36.Kf2 Kxe5 37.g3 g5 38.Ke2 f3+ 39.Ke1 Bd5 40.g4 Rxg4 41.Ne3 Rh4 42.Nxd5 Kxd5
43.Rxf3 Rxh2 44.Rf5+ Kd4 45.Rxg5 Kc3 46.Rg3+ Kxc2 47.Rg7 c3  0-1

[Event "Gibraltar Open"]
[Site "Caleta ENG"]
[Date "2012.01.28"]
[Round "5.100"]
[White "Amos,F"]
[Black "Forsa,E"]
[Result "1-0"]
[WhiteElo "2171"]
[BlackElo "1770"]

1.e4 c5 2.Nf3 e6 3.d4 cxd4 4.Nxd4 a6 5.Bd3 Qc7 6.O-O Nf6 7.c3 b5 8.Qe2 d6
9.a4 bxa4 10.Rxa4 Bb7 11.Nd2 Be7 12.N2b3 O-O 13.Na5 Bc8 14.Bd2 Nbd7 15.b4 Ne5
16.Bc2 Bd7 17.Ra2 Bb5 18.Nxb5 axb5 19.Rfa1 Rab8 20.f4 Nc6 21.Bd3 Rfc8 22.h3 e5
23.g3 g6 24.Nxc6 Qxc6 25.Ra6 Qd7 26.Kh2 Rc7 27.Qe3 exf4 28.gxf4 Bf8 29.Ra8 Qc8
30.Rxb8 Qxb8 31.Qd4 Ne8 32.Qd5 Nf6 33.Qa8 Rb7 34.Qxb8 Rxb8 35.Ra5 Bg7 36.Kg2 d5
37.e5 Ne4 38.Bxe4 dxe4 39.Be3 f6 40.Bd4 fxe5 41.fxe5 Rb7 42.Kf2 Bh6 43.e6 Kf8
44.Bc5+ Kg7 45.Ra8 Bg5 46.Bf8+ Kf6 47.e7 Rxe7 48.Bxe7+ Kxe7 49.Rb8 Bd2 50.Rxb5 Bxc3
51.Ke3 Kd6 52.Kxe4 Be1 53.Rd5+ Ke6 54.b5 Bf2 55.Rd2 Bb6 56.Rc2 Kd7 57.Kd5 g5
58.Rc6 Bf2 59.b6 h5 60.b7 Bg3 61.Rc8  1-0

[Event "Moscow Open 2012 A"]
[Site "Moscow RUS"]
[Date "2012.01.28"]
[Round "1.32"]
[White "Geller,J"]
[Black "Zenzera,A"]
[Result "1-0"]
[WhiteElo "2565"]
[BlackElo "2337"]

1.e4 c5 2.Nf3 e6 3.d4 cxd4 4.Nxd4 a6 5.Bd3 Nf6 6.O-O Qc7 7.Qe2 d6 8.c4 g6
9.Nc3 Bg7 10.Nf3 Nc6 11.Bf4 O-O 12.Rac1 Nd7 13.Rfd1 Nde5 14.Bb1 Nxf3+ 15.Qxf3 Nd4
16.Qd3 e5 17.Be3 Re8 18.Ne2 Nxe2+ 19.Qxe2 Bf8 20.Qd2 Bg4 21.f3 Be6 22.a4 a5
23.b3 h5 24.Qf2 Rec8 25.g3 Qe7 26.Rd2 Rc6 27.Rcd1 Rac8 28.Bd3 Bg7 29.Bf1 Rf8
30.Bg2 Bf6 31.Rd3 Bg5 32.Bxg5 Qxg5 33.h4 Qe7 34.Qd2 Qc7 35.Kh2 Qb6 36.Bh3 Bxh3
37.Kxh3 Rd8 38.Qg5 Rd7 39.Kg2 Qd8 40.Qxd8+ Rxd8 41.Rd5 f6 42.Rxa5 Kf7 43.Rdd5 Ke7
44.Rdb5 Rd7 45.Ra7 Rcc7 46.Ra8 Rd8 47.Rxd8 Kxd8 48.Rd5 Kd7 49.a5 Rc8 50.Kf2 g5
51.Ke3 Rc7 52.Kd3 Kc6 53.b4 Rg7 54.c5 dxc5 55.Rxc5+ Kd6 56.Rb5 Kc7 57.Rb6 Rf7
58.Ke3 gxh4 59.gxh4 Rf8 60.f4 exf4+ 61.Kxf4 Rg8 62.Rxf6 Rg4+ 63.Ke5 Rxh4
64.b5 Rg4 65.Rf7+ Kc8 66.Rh7  1-0

[Event "17th HIT Open A"]
[Site "Nova Gorica SLO"]
[Date "2012.01.28"]
[Round "2"]
[White "Kokol,P"]
[Black "Jaksa,C"]
[Result "0-1"]
[WhiteElo "2271"]
[BlackElo "2022"]

1.e4 e6 2.d4 c5 3.Nf3 cxd4 4.Nxd4 a6 5.Bd3 Nf6 6.c4 Nc6 7.Nxc6 dxc6 8.O-O Be7
9.e5 Nd7 10.f4 Nc5 11.Rf3 Qd4+ 12.Kh1 Nxd3 13.Rxd3 Qxc4 14.Rd4 Qb5 15.a4 Qa5
16.Nd2 Qc7 17.Nc4 b5 18.Nd6+ Bxd6 19.Rxd6 Bb7 20.Be3 O-O 21.Rd7 Qc8 22.Bb6 c5
23.a5 Qc6 24.Qd2 c4 25.Rd1 Rac8 26.Rg1 b4 27.Rd6 Qa4 28.f5 exf5 29.Qg5 Be4
30.Bd8 h6 31.Qh4 Rcxd8 32.Rxd8 Qxa5 33.Rxf8+ Kxf8 34.Rd1 Bd3 35.Qd4 b3 36.h3 Kg8
37.Kh2 Qc7 38.Kg1 Qe7 39.Ra1 Qe6 40.Ra5 Kh7 41.Rc5 Qg6 42.Qe3 Qb6 43.Kf2 a5
44.Rd5 Qb4 45.Rd7 a4 46.Ra7 c3 47.Qxd3 Qc5+ 48.Ke2 Qxa7 49.Qxc3 Qb7 50.g4 a3
51.gxf5 axb2 52.Qd3 Qg2+  0-1

[Event "TCh-HUN 2011-12"]
[Site "Kecskemet HUN"]
[Date "2012.01.29"]
[Round "5"]
[White "Bagi,M"]
[Black "Tesik,C"]
[Result "1-0"]
[WhiteElo "2309"]
[BlackElo "2340"]

1.e4 c5 2.Nf3 e6 3.d4 cxd4 4.Nxd4 a6 5.Bd3 Bc5 6.Nb3 Be7 7.Be3 Nc6 8.Nc3 Nf6
9.f4 d6 10.Qf3 Qc7 11.O-O-O Rb8 12.g4 g6 13.g5 Nh5 14.Ne2 b5 15.Ng3 Nxg3
16.hxg3 Bb7 17.Rh2 Bf8 18.Rdh1 Rc8 19.Kb1 b4 20.Rxh7 Rxh7 21.Rxh7 a5 22.Bb5 Kd8
23.Qf2 Qe7 24.Nxa5 Ba8 25.Bb6+ Ke8 26.Bd4 Qd7 27.Rh8 Rb8 28.Bxc6 Bxc6 29.Nxc6 Qxc6
30.Bg7 Ke7 31.Qa7+  1-0

[Event "Moscow Open Women 2012"]
[Site "Moscow RUS"]
[Date "2012.01.29"]
[Round "2.69"]
[White "Lysenko,Olesya"]
[Black "Beshukova,Ekaterina"]
[Result "0-1"]
[WhiteElo "1482"]
[BlackElo "1828"]

1.e4 c5 2.Nf3 e6 3.d4 cxd4 4.Nxd4 a6 5.Bd3 Nf6 6.Bg5 Be7 7.Nd2 h6 8.Bh4 d6
9.N2f3 Qc7 10.h3 Nc6 11.c3 O-O 12.O-O b6 13.Re1 Bb7 14.Bg3 Nd7 15.Qe2 Nce5
16.Nxe5 Nxe5 17.Rad1 Nxd3 18.Rxd3 Bf6 19.Nf3 Be5 20.Nxe5 dxe5 21.Red1 Bc6
22.Qh5 f5 23.exf5 exf5 24.Qe2 f4 25.Bh2 Bb5 26.c4 Bxc4 27.Qc2 Rac8 28.Rc3 Qf7
29.Rc1 Be6 30.b3 Rxc3 31.Qxc3 Rc8 32.Qd2 Rxc1+ 33.Qxc1 Qg6 34.Qc6 Qb1+  0-1

[Event "ch-Belgrade 2012"]
[Site "Belgrade SRB"]
[Date "2012.01.30"]
[Round "9.8"]
[White "Martic,I SRB"]
[Black "Mihajlovic,Mio"]
[Result "1-0"]
[WhiteElo "2391"]
[BlackElo "2195"]

1.e4 c5 2.Nf3 e6 3.d4 cxd4 4.Nxd4 a6 5.Bd3 Qc7 6.O-O Nf6 7.Nc3 Nc6 8.Be3 h5
9.h3 Nxd4 10.Bxd4 Bc5 11.Bxc5 Qxc5 12.Na4 Qc6 13.c4 d6 14.Rc1 Bd7 15.Nc3 Qc5
16.Qe2 Bc6 17.Nd5 Rd8 18.b4 Qa7 19.Nxf6+ gxf6 20.b5 Bd7 21.bxa6 b6 22.Rb1 Ke7
23.Qe3 Rb8 24.f4 Rhg8 25.e5 dxe5 26.fxe5 f5 27.Qd4 Qa8 28.Rf2 Bc6 29.Rxb6 Rxb6
30.Qxb6 Bxg2 31.Kh2 Bc6 32.Qc5+ Ke8 33.a7 Rg2+ 34.Rxg2 Bxg2 35.Bc2 Bc6 36.Qb6 Bh1
37.Qb8+ Ke7 38.Qd6+  1-0

[Event "Gibraltar Open"]
[Site "Caleta ENG"]
[Date "2012.01.30"]
[Round "7.40"]
[White "Byron,A"]
[Black "Hunt,A"]
[Result "0-1"]
[WhiteElo "2241"]
[BlackElo "2462"]

1.e4 c5 2.Nf3 e6 3.d4 cxd4 4.Nxd4 a6 5.Bd3 Qc7 6.O-O Nf6 7.Nd2 d6 8.a4 b6
9.Qe2 Nbd7 10.Kh1 Bb7 11.f4 e5 12.fxe5 dxe5 13.N4b3 Be7 14.Nb1 O-O 15.Nc3 Rfc8
16.Bd2 Nf8 17.Rf3 Ng6 18.Raf1 Rf8 19.Bg5 a5 20.Bxf6 Bxf6 21.g3 Ne7 22.Nd2 Rad8
23.Rxf6 gxf6 24.Rxf6 Kg7 25.Nb5 Qd7 26.Rxb6 Nc8 27.Qh5 f6 28.Rxb7 Qxb7 29.Nc4 Qf7
30.Qxf7+ Rxf7 31.Nxa5 Nb6 32.b3 Rfd7 33.Nc6 Rxd3 34.cxd3 Rxd3 35.Na5 f5 36.Kg2 fxe4
37.Kf2 e3+ 38.Ke2 e4 39.Nc4 Nd5 40.Ncd6 Rxb3 41.Nxe4 Rb2+ 42.Ke1 Rxh2 43.a5 Nb4
44.Nbc3 Nc2+ 45.Kd1 Nd4  0-1

[Event "Gibraltar Open"]
[Site "Caleta ENG"]
[Date "2012.01.30"]
[Round "7.42"]
[White "Nuri,Kam"]
[Black "Javakhishvili,L"]
[Result "0-1"]
[WhiteElo "2256"]
[BlackElo "2454"]

1.e4 c5 2.Nf3 e6 3.d4 cxd4 4.Nxd4 a6 5.Bd3 Qc7 6.O-O Nf6 7.Qe2 d6 8.Nc3 g6
9.f4 Bg7 10.Kh1 O-O 11.Nf3 Nc6 12.Qe1 b5 13.a3 Bb7 14.Qh4 b4 15.axb4 Nxb4
16.e5 Ne8 17.Ne4 f6 18.Bd2 Nxd3 19.cxd3 Qc2 20.Bc3 Bxe4 21.dxe4 Qxe4 22.Rfe1 Qc4
23.exf6 Nxf6 24.Ng5 e5 25.Rad1 h6 26.Nf3 g5 27.fxg5 Qxh4 28.Nxh4 hxg5 29.Ng6 Rfd8
30.Ne7+ Kh7 31.Rd3 Bf8 32.Nd5 Nxd5 33.Rxd5 Rdb8 34.Ra1 Rb6 35.g4 Rc8 36.Rda5 Rcc6
37.Rf1 Kg7 38.Kg2 Be7 39.h3 Bd8 40.Rd5 Bf6 41.Ra5 Rb5 42.Rxb5 axb5 43.Ra1 d5
44.Ra7+ Kg6  0-1